[Event "IV Niterói Chess Open 2024"]
[Site "Rio de Janeiro"]
[Date "2024.08.29"]
[Round "2"]
[Board "6"]
[White "Matsuura, Everaldo"]
[Black "Nascimento, Daniel Rojas"]
[Result "1-0"]
[WhiteElo "2365"]
[BlackElo "1948"]
[Annotator "Chessbase"]
[PlyCount "84"]
[EventDate "2024.08.28"]
[EventRounds "7"]
[EventCountry "BRA"]

1. e4 {ChessBase II} d6 2. d4 Nf6 3. Nc3 g6 4. f3 Bg7 5. Be3 O-O 6. Qd2 c6 7. O-O-O b5 8. Kb1 ({RR} 8. Bd3 a5 9. Kb1) 8... Nbd7 ({RR} 8... Qa5 9. Nd5 Qd8 10. Nxf6+ Bxf6 11. h4 Nd7 12. h5 e6 13. Nh3 Re8 14. hxg6 fxg6 15. f4 Bg7 16. e5 d5 17. Ng5 Nf8 18. Bd3 a5 19. g4 b4 20. Nxh7 Nxh7 21. Rxh7 Kxh7 22. Qh2+ Kg8 23. Bxg6 {1-0 Matsuura,E (2480)-Reis,P (2397) BRA-ch 83rd Rio de Janeiro 2017 (6)}) 9. Bh6 ({RR} 9. h4 Nb6 10. Bd3 h5 11. Bh6 ({RR} 11. Nh3 Nc4) 11... e5 12. dxe5 dxe5 13. Bxg7 Kxg7 14. Nce2 Qe7 15. Ng3 Nfd7 16. N1e2 Nc5 17. Qe3 Rb8 18. Ka1 a5 19. f4 Bg4 20. f5 Nbd7 21. Rdf1 a4 22. Nc1 a3 23. b3 Qd6 {1-0 Bellaiche,A (2472)-Chatalbashev,B (2602) EU-ch 12th Aix les Bains 2011 (2)}) 9... Nb6 10. h4 b4 $146 ({RR} 10... Bxh6 11. Qxh6 Qc7 12. g4 e5 13. h5 Rb8 14. Nh3 Nc4 15. dxe5 dxe5 16. b3 Nb6 17. Ng5 Rb7 18. Ne2 Qe7 19. Nh3 a5 20. Ng3 Na4 21. Rd3 Nc5 22. Rg1 Kh8 23. Rd1 a4 24. Qe3 Ne6 25. hxg6 {0-1 Van Weersel,A (2193)-Ootes,L (2367) Wijk Cultural Village 2009 (3)}) ({RR} 10... Be6 11. Bxg7 Kxg7 12. h5 b4 13. hxg6 bxc3 14. Qh6+ Kg8 15. g7 Re8 16. e5 Bf5 17. exf6 Nd5 18. Bd3 Bxd3 19. Rxd3 Nxf6 20. Ne2 Qa5 21. g4 cxb2 22. Ng3) ({RR} 10... Be6 11. Bxg7 Kxg7 12. h5 b4 13. hxg6 bxc3 14. Qh6+ Kg8 15. g7 Re8 16. e5 Bf5 17. exf6 Nd5 18. Bd3 Bxd3 19. Rxd3 Nxf6 20. Ne2 Qa5 21. g4 cxb2 22. Ng3 {1-0 Hall,J (2450)-Giaccio,A (2350) La Coruna op 1993}) 11. Nce2 Nc4 12. Qg5 Qa5 13. Bxg7 Kxg7 14. Nf4 h6 15. Qxa5 Nxa5 16. e5 Nd7 17. e6 Nb6 18. exf7 Rxf7 19. Ngh3 Nac4 20. Bxc4 Nxc4 21. Rde1 Bxh3 22. Nxh3 Re8 23. Re2 Nb6 24. Rhe1 Nd5 25. Kc1 a5 26. Kd2 Kf8 27. Re4 Nf6 28. Re6 Kg7 29. Kd3 Nd5 30. Rxd6 exd6 31. Rxe8 Re7 32. Rxe7+ Nxe7 33. g4 Nd5 34. c4 bxc3 35. bxc3 Kf7 36. a3 Ke7 37. c4 Nb6 38. Nf4 Kf6 39. Ng2 d5 40. Ne3 Ke6 41. f4 Kf6 42. c5 Nd7 1-0

[Event "IV Niterói Chess Open 2024"]
[Site "Rio de Janeiro"]
[Date "2024.08.28"]
[Round "1"]
[Board "48"]
[White "Kallas, Jose Lourenco"]
[Black "Jeremias, Bianca Albano"]
[Result "0-1"]
[WhiteElo "1593"]
[BlackElo "1938"]
[Annotator "Chessbase"]
[PlyCount "66"]
[EventDate "2024.08.28"]
[EventRounds "7"]
[EventCountry "BRA"]

1. e4 d6 2. Bc4 Nf6 3. d3 g6 4. Nc3 Bg7 5. h3 ({RR} 5. Nge2 c6 6. Bb3 b5 7. Ng3 Nbd7 8. h4 h5 9. Nce2 Nc5 10. c3 Nxb3 11. axb3 O-O 12. Bg5 Qc7 13. b4 e5 14. O-O a6 15. Kh1 Nh7 16. Ng1 Nxg5 17. hxg5 Qe7 18. Nh3 Bxh3 19. gxh3 Qxg5 {1-0 Yap,K (2321)-Olay,E (2398) Manila Pichay Cup 4th 2008 (4)}) 5... O-O ({RR} 5... c6 6. Be3 a5 7. a4 Na6 8. Nf3 Nb4 9. Na2 d5 10. exd5 Nbxd5 11. Bd2 O-O 12. Qc1 Re8 13. Bh6 e5 14. O-O e4 15. dxe4 Rxe4 16. Bxg7 Kxg7 17. Nd2 Re8 18. Bxd5 Nxd5 19. Nc4 b5 20. axb5 {0-1 Ahmed Abdelsalam,A-Sadek,T (1687) Al Ain Overseas Int 2023 (6.55)}) 6. Bd2 Nc6 $146 ({RR} 6... c6 7. Qf3 Nbd7 8. O-O-O Ne5 9. Qe2 Nxc4 10. dxc4 a6 11. g4 b5 12. g5 Nh5 13. Nf3 Be6 14. cxb5 axb5 15. a3 b4 16. Nb1 bxa3 17. Nxa3 Qb6 18. e5 Rfb8 19. Bc3 Nf4 20. Qe3 Qxe3+ 21. fxe3 {0-1 Frackowiak,S-Lammel,E Karl Mala Memorial op 02nd 1998 (5)}) ({RR} 6... Nbd7 7. a4 c5 8. Nf3 Re8 9. a5 a6 10. O-O b5 11. axb6 Nxb6 12. Bb3 Qc7 13. Na4 Nxa4 14. Rxa4 Bd7 15. Ba5 Qb7 16. Ra2 Bb5 17. c4 Bc6 18. Ba4 Nd7 19. Bxc6 Qxc6 20. b4 cxb4 21. Bxb4 {0-1 Eck,J-Talreja,M Lansing MI Aug mini 1992}) ({RR} 6... c5 7. Nge2 a6 8. a3 b5 9. Ba2 Bd7 10. Ng3 Nc6 11. Nce2 Qc7 12. Rb1 a5 13. O-O Na7 14. c3 Nc6 15. Rc1 Rfb8 16. Bb1 b4 17. axb4 axb4 18. cxb4 Nxb4 19. Bc3 Na2 20. Bxa2 Rxa2 21. Rb1 {½-½ Karthaus,C (1623)-Britsch,B (1593) Wuerttemberg-ch U18 2002 (5)}) 7. g4 Na5 8. b3 c6 9. b4 Nxc4 10. dxc4 Be6 11. Qe2 Nd7 12. Nf3 Nb6 13. O-O Bxc4 14. Qe3 Bxf1 15. Rxf1 Nc4 16. Qe2 Nxd2 17. Qxd2 a5 18. b5 Bxc3 19. Qxc3 cxb5 20. Kg2 Rc8 21. Qd2 Kg7 22. h4 Qc7 23. h5 Qc3 24. h6+ Kg8 25. Qf4 Qf6 26. Qxf6 exf6 27. Nd4 b4 28. Rc1 d5 29. exd5 Rfd8 30. f4 Rxd5 31. Nf3 Rdc5 32. Nd4 Rc4 33. Rd1 Rd8 0-1

[Event "IV Niterói Chess Open 2024"]
[Site "Rio de Janeiro"]
[Date "2024.08.30"]
[Round "4"]
[Board "34"]
[White "Vaz, Osvaldo Jose"]
[Black "Chaves, Jorge Antonio Torres"]
[Result "0-1"]
[WhiteElo "1755"]
[BlackElo "1924"]
[Annotator "Chessbase"]
[PlyCount "84"]
[EventDate "2024.08.28"]
[EventRounds "7"]
[EventCountry "BRA"]

1. e4 g6 2. d4 Bg7 3. Nf3 d6 4. Nc3 Nd7 5. Be2 c6 6. O-O Qc7 7. Be3 Ngf6 8. h3 O-O 9. Qd2 e5 10. Rad1 Re8 11. dxe5 dxe5 12. a3 ({RR} 12. a4 Bf8 13. Bc4 Nb6 14. Bb3 Be6 15. Bxe6 Rxe6 16. Qe2 Bb4 17. Nb1 Nxa4 18. Qc4 a5 19. Qb3 Nc5 20. Bxc5 Bxc5 21. Rfe1 b5 22. c4 a4 23. Qc2 b4 24. Nbd2 Qb6 25. Rf1 h6 26. b3 a3 {0-1 Anisimov,P (2318)-Loginov,V (2514) St Petersburg-ch 5' blitz 2000 (7)}) ({RR} 12. Qd6 Qxd6 13. Rxd6 Nb6 14. Rfd1 Nfd7 15. a4 Bf8 16. R6d2 Nc5 17. a5 Nba4 18. Nxa4 Nxa4 19. Rd8 Be6 20. Rxa8 Rxa8 21. Nxe5 Nxb2 22. Rb1 Na4 23. Rxb7 Nc5 24. Bxc5 Bxc5 25. Nxc6 Re8 26. Bd3 Bc8 {1-0 Radil,C (2240)-Teillet,B (2218) Titled Tue 6th Feb Early 2024 (8)}) 12... b6 $146 ({RR} 12... Bf8 13. Ne1 Nc5 14. Bf3 Be6 15. Bxc5 Bxc5 16. Nd3 Be7 17. Qe3 Bc4 18. Be2 Qa5 19. Qf3 Kg7 20. Nc1 Be6 21. Nb3 Qc7 22. Kh2 Rad8 23. Rxd8 Rxd8 24. Rd1 Rd7 25. Rxd7 Nxd7 26. Qe3 b6 27. Kh1 {½-½ Schleupner,K (1770)-Bobrov,A (2003) Regionalliga Nord-West 1718 2017 (1.5)}) ({RR} 12... Nf8 13. Qd6 Qxd6 14. Rxd6 Ne6 15. Rfd1 Nf4 16. Bxf4 exf4 17. e5 Nh5 18. Rd8 Bf5 19. Rxa8 Rxa8 20. Nd4 Bd7 21. Bxh5 gxh5 22. Nf3 Bf5 23. Ne2 Bxc2 24. Rd2 Be4 25. Nxf4 Bxf3 26. gxf3 Bxe5 27. Nxh5 {1-0 February,J (1853)-Ramirez,V (2090) Titled Tuesday intern op 20th Sep Early blitz 2022 (2)}) ({RR} 12... Bf8 13. Bc4 Nb6 14. Bb3 Be6 15. Ng5 Bxb3 {½-½ Roeder,F-Treppner,G (2330) Bundesliga 1984/85 (1.4)}) 13. Bc4 Nf8 14. Ng5 Ne6 15. f4 h6 16. Nxf7 Kxf7 17. f5 g5 18. Bxg5 hxg5 19. Qxg5 Qe7 20. Bb3 Kf8 21. fxe6 Bxe6 22. Nd5 cxd5 23. exd5 Bf7 24. Rd3 Rad8 25. Rg3 Bxd5 26. Bxd5 Rxd5 27. Rxf6+ Qxf6 28. Rf3 Qxf3 29. gxf3 Rd6 30. c4 Rf6 31. Qe3 Bh6 32. Qc3 Bf4 33. c5 Rc8 34. b4 bxc5 35. b5 c4 36. a4 Rg6+ 37. Kf1 Kf7 38. Qc2 Kf6 39. a5 Rcg8 40. Qxc4 Rg1+ 41. Ke2 R1g2+ 42. Kd3 Rd2+ 0-1

[Event "IV Niterói Chess Open 2024"]
[Site "Rio de Janeiro"]
[Date "2024.08.28"]
[Round "1"]
[Board "26"]
[White "De Oliveira, Tobias Luiz Carvalho"]
[Black "Moura, Eduardo Eugenio Chaves"]
[Result "0-1"]
[WhiteElo "1731"]
[BlackElo "2056"]
[Annotator "Chessbase"]
[PlyCount "30"]
[EventDate "2024.08.28"]
[EventRounds "7"]
[EventCountry "BRA"]

1. e4 d6 2. d4 Nf6 3. Nc3 g6 4. Bg5 Bg7 5. Nf3 h6 6. Be2 $146 ({RR} 6. Bf4 Nh5 7. Be3 Nd7 8. Qd2 e5 9. Be2 Nhf6 10. dxe5 Nxe5 11. Nxe5 dxe5 12. Qxd8+ Kxd8 13. O-O-O+ Bd7 14. f4 Ne8 15. Rd3 b6 16. Rhd1 Nd6 17. a4 Be6 18. b3 Kc8 19. Nd5 Kb7 20. Nxc7 Kxc7 {1-0 Colle,E-Berndtsson Kullberg,K Kecskemet Gruppe B 1927 (8)}) ({RR} 6. Bf4 O-O 7. Qd2 Kh7 8. Bd3 Bg4 9. h4 Bxf3 10. gxf3 Nh5 11. Be3 e5 12. dxe5 dxe5 13. O-O-O Nc6 14. Bc5 Nd4 15. Bxf8 Qxf8 16. Qe3 Nf4 17. Nd5 Ng2 18. Qd2 c6 19. c3 Ne6 20. Ne3 Ngf4 {1-0 Mamedyarov,S (2757)-Schindler,S (2246) Mainz Ordix op 14th rapid 2007 (2)}) ({RR} 6. Bf4 c6 7. h3 Qa5 8. Qd2 Nbd7 9. Bd3 a6 10. e5 dxe5 11. dxe5 Nh5 12. e6 Nc5 13. exf7+ Kf8 14. Be3 Nxd3+ 15. Qxd3 Bf5 16. Qc4 Bxc2 17. g4 Nf6 18. Nd4 Nd5 19. O-O Qb4 20. Qxb4 Nxb4 {1-0 Gerhardt,D (2024)-Franke,R (2051) Oberliga Ost-A 0708 2007 (10.8)}) ({RR} 6. Bf4 Nbd7 7. Qd2 Nh5 8. Be3 e5 9. dxe5 dxe5 10. O-O-O g5 11. h4 g4 12. Nh2 Nhf6 13. Be2 h5 14. f3 gxf3 15. Bxf3 c6 16. g4 hxg4 17. Nxg4 Qc7 18. Bg5 Nxg4 19. Bxg4 Nf6 20. Be2 Be6 {1-0 Zubarev,N-Yudovich,M Moscow-ch11 1930}) ({RR} 6. Bf4 Nbd7 7. Qd2 g5 8. Bg3 Nh5 9. Bc4 g4 10. Ng1 c5 11. dxc5 Nxg3 12. hxg3 Nxc5 13. Nge2 Bd7 14. O-O-O Rc8 15. Qe3 a6 16. Bb3 Nxb3+ 17. cxb3 Qa5 18. Kb1 Qc5 19. Nd4 b5 20. Nce2 Qe5 {0-1 Boleslavsky,I-Bondarevsky,I URS-ch Absolute 1941 (12)}) 6... hxg5 7. Nxg5 Nh5 8. g4 Nf4 9. Bc4 e6 10. Nf3 d5 11. exd5 exd5 12. Bb3 Bxg4 13. O-O Rh3 14. Re1+ Kf8 15. Re3 Nc6 0-1

[Event "IV Niterói Chess Open 2024"]
[Site "Rio de Janeiro"]
[Date "2024.08.29"]
[Round "3"]
[Board "56"]
[White "Cardoso, Rafaela Martins"]
[Black "Bonilla Viamonte, Diego Armando"]
[Result "0-1"]
[WhiteElo "1657"]
[BlackElo "1777"]
[Annotator "Chessbase"]
[PlyCount "100"]
[EventDate "2024.08.28"]
[EventRounds "7"]
[EventCountry "BRA"]

1. e4 c6 2. c4 d5 3. exd5 cxd5 4. cxd5 Nf6 5. Qa4+ Bd7 6. Qb3 Qc7 7. Nc3 g6 ({RR} 7... a6 8. Nf3 Bf5 9. d4 Nbd7 10. Be2 Rd8 11. O-O Nb6 12. Bf4 Qxf4 13. Qxb6 Qb8 14. Rfe1 Rd6 15. Qb3 g6 16. Ne5 Bh6 17. Nc4 Rd7 18. Nb6 Rd6 19. Bf3 Bg4 20. Bxg4 Nxg4 21. Nc4 Rf6 22. d6 {½-½ Heberla,B (2536)-Piesik,P (2209) Pszczyna op 2009 (5)}) 8. g3 ({RR} 8. d4 Bg7 9. Nf3 O-O 10. Bc4 a6 11. a4 Bf5 12. Ne5 Ne4 13. Nxe4 Bxe4 14. f3 Bxe5 15. dxe5 Rc8 16. fxe4 Qxc4 17. Qxc4 Rxc4 18. Kf2 Rxe4 19. Re1 Rd4 20. Bg5 Rxd5 21. Bxe7 Nc6 22. Bf6 Re8 {½-½ Korczakowski,M (1727)-Pietryk,J (1760) 20th Baltic Pearl Open A 2024 (7.28)}) 8... Na6 $146 ({RR} 8... Bg7 9. Bg2 Bc8 10. Nge2 Nbd7 11. d4 Nb6 12. Bf4 Qd8 13. a4 a5 14. Nb5 Nfxd5 15. Bxd5 {1-0 Matsuura,E (2370)-Xavier,J WchT U26 10th 1995 (6)}) 9. d4 Qb6 10. Qxb6 axb6 11. Bxa6 bxa6 12. Nge2 Bg7 13. h4 Bg4 14. Be3 Bf3 15. Rg1 Nxd5 16. g4 O-O 17. Rg3 Bxe2 18. Nxe2 Nb4 19. O-O-O Nxa2+ 20. Kb1 Nb4 21. h5 Nd5 22. hxg6 hxg6 23. f4 Nxe3 24. Rxe3 e6 25. f5 exf5 26. gxf5 Rfe8 27. Rxe8+ Rxe8 28. Nf4 Re4 29. Nd5 Rxd4 30. Rxd4 Bxd4 31. fxg6 fxg6 32. b4 g5 33. Kc2 Kf7 34. Kd3 Bg1 35. Ke4 Kg6 36. Kf3 Kh5 37. Kg3 Bd4 38. Kg2 a5 39. bxa5 bxa5 40. Nc7 a4 41. Nb5 Bb2 42. Kh3 a3 43. Nxa3 Bxa3 44. Kg3 Bd6+ 45. Kg2 Kg4 46. Kh1 Kg3 47. Kg1 g4 48. Kh1 Bf8 49. Kg1 Bg7 50. Kh1 Kf2 0-1

[Event "IV Niterói Chess Open 2024"]
[Site "Rio de Janeiro"]
[Date "2024.08.28"]
[Round "1"]
[Board "4"]
[White "Lins, Joao Pedro"]
[Black "Santiago, Yago De Moura"]
[Result "0-1"]
[WhiteElo "1848"]
[BlackElo "2455"]
[Annotator "Chessbase"]
[PlyCount "140"]
[EventDate "2024.08.28"]
[EventRounds "7"]
[EventCountry "BRA"]

1. e4 c6 2. d3 d5 3. Nd2 e5 4. Ngf3 Bd6 5. d4 exd4 6. exd5 cxd5 7. Nxd4 Ne7 8. Bd3 Nbc6 9. N2f3 ({RR} 9. N2b3 Ne5 10. O-O O-O 11. Bg5 a6 12. Re1 Nxd3 13. Qxd3 Qc7 14. h3 h6 15. Bd2 Bd7 16. a3 Nc6 17. Nf3 Ne5 18. Nxe5 Bxe5 19. Ba5 b6 20. Bxb6 Bh2+ 21. Kh1 Qxb6 22. Kxh2 Qxf2 23. Qxd5 Qxc2 {½-½ Kramnik,V (2799)-Leko,P (2753) Amber-blindfold 17th rapid 2008 (2)}) 9... Bg4 10. Be3 a6 $146 ({RR} 10... h6 11. Qd2 a6 12. h3 Bh5 13. g4 Bg6 14. Bxg6 Nxg6 15. Nf5 Nce5 16. Nxe5 Bxe5 17. O-O-O Qf6 18. c3 O-O-O 19. f4 d4 20. fxe5 dxe3 21. Nd6+ Kb8 22. exf6 exd2+ 23. Rxd2 Rh7 24. fxg7 Rxg7 25. Nf5 {1-0 Stepovaia,T (2385)-Prudnikova,S (2385) RUS-ch (Women) 1996 (10)}) ({RR} 10... Qd7 11. Qd2 O-O 12. O-O Rad8 13. Rfe1 Nf5 14. h3 Nxe3 15. Qxe3 Bxf3 16. Nxf3 Bc7 17. Rad1 h6 18. Bb5 Rfe8 19. Qd3 Rxe1+ 20. Rxe1 Qd6 21. c3 Ne7 22. Ba4 Ng6 23. Bc2 Qb6 24. b3 Qf6 25. h4 {1-0 Ostos,J (2344)-Ordonez,F (2295) Valencia zt 2.3 2000 (2)}) 11. h3 Bh5 12. Qd2 O-O 13. O-O Bc7 14. Bf4 Bb6 15. c3 Re8 16. Rfe1 Bc5 17. Bg3 Qb6 18. Nxc6 Nxc6 19. Ne5 Red8 20. Qg5 Bg6 21. Nxg6 hxg6 22. b3 Bd6 23. Re3 Bxg3 24. Rxg3 Rd6 25. Re1 Rf8 26. h4 Rf6 27. Re2 Nd8 28. Qe3 Qc6 29. h5 Ne6 30. hxg6 fxg6 31. Bb1 Nf4 32. Re1 Re6 33. Qd2 Rxe1+ 34. Qxe1 d4 35. Be4 Qc5 36. cxd4 Qxd4 37. Bxg6 Qb2 38. Bd3 Rd8 39. Bc4+ Kf8 40. Rf3 g5 41. Qe6 Rd1+ 42. Kh2 Qh8+ 43. Rh3 Qxh3+ 44. Qxh3 Nxh3 45. Kxh3 Rd2 46. a4 Rxf2 47. Bd5 Rf4 48. Bxb7 a5 49. Bd5 Ke7 50. Bc4 Kd6 51. g3 Rd4 52. Bg8 Kc5 53. Bf7 Kb4 54. Bg8 Kc3 55. Bf7 Rb4 56. Be6 Rxb3 57. Kg4 Rb4+ 58. Kxg5 Rxa4 59. Kf6 Re4 60. g4 Rxe6+ 61. Kxe6 a4 62. g5 a3 63. g6 a2 64. g7 a1=Q 65. Kf7 Qf1+ 66. Ke7 Qc4 67. Kf8 Qf4+ 68. Ke7 Qg5+ 69. Kf7 Qf5+ 70. Ke7 Qg6 0-1

[Event "IV Niterói Chess Open 2024"]
[Site "Rio de Janeiro"]
[Date "2024.08.29"]
[Round "2"]
[Board "27"]
[White "Souza, Iago Henrique Da Silva"]
[Black "Nascimento, Bianca Alencar De S."]
[Result "1-0"]
[WhiteElo "2036"]
[BlackElo "1621"]
[Annotator "Chessbase"]
[PlyCount "23"]
[EventDate "2024.08.28"]
[EventRounds "7"]
[EventCountry "BRA"]

1. c4 c6 2. e4 d5 3. exd5 cxd5 4. cxd5 Qxd5 5. Nc3 Qd8 6. Nf3 Bg4 ({RR} 6... Nf6 7. Bb5+ Nbd7 8. d4 e6 9. Bf4 Be7 10. O-O O-O 11. d5 exd5 12. Nxd5 Nxd5 13. Qxd5 a6 14. Be2 Nf6 15. Qb3 Qd5 16. Qxd5 Nxd5 17. Be5 Rd8 18. Rfd1 f6 19. Bc4 Be6 20. Bg3 Rac8 21. Bb3 {1-0 Mamedjarova,T (2222)-Houska,J (2386) EU-ch (Women) 4th 2003 (1)}) ({RR} 6... Nc6 7. Bc4 Bf5 8. d4 e6 9. O-O h6 10. d5 exd5 11. Nxd5 Bd6 12. Re1+ Nge7 13. Bf4 O-O 14. Bxd6 Qxd6 15. Nxe7+ Qxe7 16. Rxe7 Nxe7 17. h3 Rac8 18. Bb3 Rfd8 19. Qe1 Re8 20. Rc1 Nc6 21. Qd2 {1-0 Luiz,O-Henri,A I Torneio Treinamento - ALEX 2024 (6.4)}) 7. Bc4 Nc6 8. Bxf7+ Kd7 $146 ({RR} 8... Kxf7 9. Ng5+ Ke8 10. Qxg4 Nf6 11. Qe6 Qd7 12. Qf7+ Kd8 13. Ne6+ Kc8 14. Nxf8 Qe8 15. Qxe8+ Nxe8 16. Ne6 g6 17. d4 Nb4 18. O-O Nf6 19. Bf4 Nbd5 20. Nxd5 Nxd5 21. Be5 Rg8 22. Rfc1+ Kd7 23. Nc7 {1-0 Hiebler,L (1840)-Ait Abbes,N (1444) Wch U16 Girls 2013 (2)}) 9. Bd5 Nf6 10. Bxc6+ bxc6 11. Ne5+ Kc7 12. Nxg4 1-0

[Event "IV Niterói Chess Open 2024"]
[Site "Rio de Janeiro"]
[Date "2024.09.01"]
[Round "7"]
[Board "32"]
[White "Peixoto, Helio Ricardo Soutinho"]
[Black "Garcia, Erich Douglas Ribeiro"]
[Result "1/2-1/2"]
[WhiteElo "1937"]
[BlackElo "1675"]
[Annotator "Chessbase"]
[PlyCount "55"]
[EventDate "2024.08.28"]
[EventRounds "7"]
[EventCountry "BRA"]

1. e4 c6 2. d3 d5 3. Nd2 e5 4. Ngf3 Bd6 5. g3 Ne7 6. Bg2 O-O 7. O-O f5 8. exd5 cxd5 9. c4 e4 ({RR} 9... d4 10. Re1 Nbc6 11. c5 Bc7 12. Ng5 Qe8 13. Nc4 Ng6 14. Bd5+ Kh8 15. Nxh7 Nge7 16. Bxc6 Nxc6 17. Nxf8 Qxf8 18. f4 e4 19. dxe4 Qxc5 20. Qh5+ Kg8 21. Qe8+ Kh7 22. exf5 Bxf5 23. Qh5+ Kg8 24. g4 {1-0 Girinath,P (2335)-Silvestre,C (1942) Speed Chess GP4 blitz 2021 (6)}) 10. dxe4 $146 ({RR} 10. Nd4 Nbc6 11. Nxc6 bxc6 12. cxd5 cxd5 13. dxe4 fxe4 14. Nb3 Ba6 15. Re1 Bd3 16. Be3 Nf5 17. Nc1 Nxe3 18. fxe3 Bc4 19. Bf1 Bxf1 20. Rxf1 Rxf1+ 21. Kxf1 Qf6+ 22. Kg2 Rf8 23. Qe2 Qf3+ 24. Qxf3 Rxf3 {0-1 Heberla,B (2487)-Pantsulaia,L (2609) Champions Challenge 134th blitz 2006 (5.3)}) ({RR} 10. Ne1 Bc5 11. Nb3 Bb6 12. cxd5 Qxd5 13. Bg5 Nbc6 14. dxe4 fxe4 15. Qxd5+ Nxd5 16. Bxe4 Be6 17. Nd3 h6 18. Nbc5 Bf7 19. Bd2 Rae8 20. Rfe1 Nd4 21. Bg2 Nc2 22. Rxe8 Rxe8 23. Rc1 Nd4 24. Kf1 Re7 {0-1 Buzbuchi,I-Kertesz,A Baile Herculane op 1979 (6)}) ({RR} 10. Ne1 Bc5 11. cxd5 e3 12. fxe3 Bxe3+ 13. Kh1 Kh8 14. d6 Nec6 15. Nc4 Bc5 16. Nf3 Bxd6 17. Nxd6 Qxd6 18. Bf4 Qb4 19. Ng5 Nd7 20. Nxh7 Nf6 21. a3 Qe7 22. Nxf8 Qxf8 23. Qb3 a5 24. Rae1 a4 {1-0 Provotorov,A (2338)-Shtepa,S Kaluga op 2000}) 10... dxe4 11. Ne1 Nbc6 12. Nb3 Be6 13. c5 Be5 14. Nc2 Qxd1 15. Rxd1 Rad8 16. Re1 Nd5 17. f3 Ncb4 18. Nxb4 Nxb4 19. Bg5 Nc2 20. Bxd8 Nxa1 21. Rxa1 Rxd8 22. fxe4 fxe4 23. Bxe4 Bxb3 24. axb3 Bd4+ 25. Kg2 Bxc5 26. Bxb7 Rd2+ 27. Kh3 Rxb2 28. Rc1 1/2-1/2

[Event "IV Niterói Chess Open 2024"]
[Site "Rio de Janeiro"]
[Date "2024.09.01"]
[Round "7"]
[Board "26"]
[White "Ferreira, Marcone Fiuza"]
[Black "Bonilla Viamonte, Diego Armando"]
[Result "0-1"]
[WhiteElo "1969"]
[BlackElo "1777"]
[Annotator "Chessbase"]
[PlyCount "48"]
[EventDate "2024.08.28"]
[EventRounds "7"]
[EventCountry "BRA"]

1. e4 c6 2. c4 d5 3. cxd5 cxd5 4. exd5 Nf6 5. Qa4+ Bd7 6. Qb3 Qb6 7. Bc4 ({RR} 7. Nc3 Na6 8. d4 Qxb3 9. axb3 Nb4 10. Kd1 Nbxd5 11. Nf3 Nxc3+ 12. bxc3 Ne4 13. Kc2 Nxf2 14. Rg1 Bf5+ 15. Kb2 Nd3+ 16. Bxd3 Bxd3 17. Ne5 Be4 18. g4 e6 19. Re1 Bg6 20. d5 Bd6 21. dxe6 fxe6 {0-1 Kotsur,P (2570)-Kasimdzhanov,R (2673) Ilyumzhinov Cup 2006}) 7... Qxb3 8. Bxb3 g6 ({RR} 8... Na6 9. d4 Rc8 10. Nc3 Nb4 11. Nf3 g6 12. O-O Nd3 13. Ne5 Nxc1 14. Raxc1 Bh6 15. Rcd1 O-O 16. Rfe1 Bf5 17. h3 Rc7 18. Nb5 Rc2 19. Bxc2 Bxc2 20. Ra1 Nxd5 21. Nxa7 f6 22. Ng4 Bf4 23. g3 {1-0 Yevchenko,A (2276)-Hajiyev,K (2109) Titled Tue 14th May Early 2024 (4)}) 9. d4 $146 ({RR} 9. Nc3 Bg7 10. Nf3 O-O 11. O-O Rd8 12. Re1 Kf8 13. d4 Be8 14. Bg5 Na6 15. Bxf6 Bxf6 16. Ne5 Nc7 17. Rad1 Nb5 18. Nxb5 Bxb5 19. Rc1 Rac8 20. f4 Kg7 21. g3 Kf8 22. Rc3 Ke8 23. Rec1 Bd7 {1-0 Tzermiadianos,A (2420)-Bleker,G (2000) SKESK-ch Kalavryta 1997 (7)}) 9... Bg7 10. Nf3 Bb5 11. Nc3 Ba6 12. Ba4+ Nbd7 13. Ne5 Rd8 14. Bg5 b5 15. Nxb5 Nxd5 16. Nxd7 Kxd7 17. Nxa7+ Kd6 18. Rc1 Nb4 19. Kd2 Bxd4 20. Nc6 Ke6 21. Nxd8+ Rxd8 22. Rhe1+ Kf5 23. Bxe7 Be3+ 24. Kc3 Bd2+ 0-1

[Event "IV Niterói Chess Open 2024"]
[Site "Rio de Janeiro"]
[Date "2024.08.29"]
[Round "3"]
[Board "40"]
[White "Baeta, Marcio Netto"]
[Black "Tischler Lema Garcia, Maria Eduarda"]
[Result "1-0"]
[WhiteElo "1919"]
[BlackElo "1511"]
[Annotator "Chessbase"]
[PlyCount "47"]
[EventDate "2024.08.28"]
[EventRounds "7"]
[EventCountry "BRA"]

1. e4 c6 2. Nc3 d5 3. Qf3 d4 4. Bc4 e6 5. Nce2 c5 6. Qg3 Nc6 7. a3 ({RR} 7. d3 b5 8. Bb3 Nf6 9. Nh3 c4 10. dxc4 Nxe4 11. Qf3 f5 12. Ng5 Ne5 13. Qf4 Bd6 14. Nxe4 Nd3+ 15. cxd3 Bxf4 16. Bxf4 fxe4 17. c5 exd3 18. Ng3 O-O 19. Bd6 d2+ 20. Ke2 Bb7 21. f4 Bxg2 {0-1 Harutjunyan,G (2414)-Ponkratov,P (2635) Cheliabinsk Variation-A 2022 (3)}) ({RR} 7. d3 Qd6 8. f4 Nge7 9. Nf3 Bd7 10. a3 Qc7 11. Bd2 Ng6 12. O-O Be7 13. Rab1 O-O 14. h4 h5 15. b4 b6 16. Ng5 Bxg5 17. Qxg5 Qd8 18. bxc5 Qxg5 19. hxg5 bxc5 20. Rb5 a6 21. Rxc5 Rfb8 {1-0 Batista,G (2254)-Garcia Terry,L (1962) Guillermo Garcia Open 2024 (1.4)}) 7... e5 $146 ({RR} 7... Nf6 8. d3 h5 9. Bg5 h4 10. Bxh4 Nxe4 11. dxe4 Qxh4 12. Qd3 Bd7 13. Nf3 Qh6 14. c3 dxc3 15. Nxc3 Be7 16. Nb5 O-O-O 17. Nd6+ Bxd6 18. Qxd6 Qg6 19. O-O Rh5 20. Rfe1 Be8 21. Qf4 Nd4 22. Rac1 {½-½ Brat,V-Zita,F CSR-ch23 Prague 1953 (10.8)}) ({RR} 7... Nf6 8. d3 b5 9. Ba2 Bb7 10. f4 Be7 11. Nf3 Qc7 12. Bd2 Rg8 13. O-O h6 14. Kh1 O-O-O 15. Qe1 g5 16. f5 exf5 17. Bxf7 fxe4 18. Bxg8 Rxg8 19. dxe4 Nxe4 20. Ng3 Nxd2 21. Qe6+ {1-0 Charvin,O (2120)-Mendola,D (2073) Lyon LOE op 2002 (2)}) ({RR} 7... Nf6 8. d3 h5 9. f4 Be7 10. Nf3 h4 11. Qf2 Ng4 12. Qg1 b5 13. Ba2 Qb6 14. h3 Nf6 15. Qf2 Bb7 16. O-O Nd7 17. Ng5 Bxg5 18. fxg5 Nce5 19. b4 c4 20. Nxd4 cxd3 21. Be3 {1-0 Plenca,J (2478)-Banzea,A (2304) Zadar op-A 2017 (6)}) 8. Nf3 Qf6 9. d3 h6 10. Bb5 Bd6 11. Nd2 Nge7 12. Nc4 Bc7 13. f4 exf4 14. Bxf4 Bxf4 15. Nxf4 O-O 16. O-O a6 17. Nb6 Ra7 18. Bc4 Ne5 19. Ne6 Qg6 20. Qxg6 N5xg6 21. Nxf8 Nxf8 22. Nxc8 Nxc8 23. Rxf7 Nd6 24. Rxb7+ 1-0

[Event "IV Niterói Chess Open 2024"]
[Site "Rio de Janeiro"]
[Date "2024.08.29"]
[Round "3"]
[Board "32"]
[White "Martins De Aguiar, Marina"]
[Black "Garcia, Erich Douglas Ribeiro"]
[Result "1-0"]
[WhiteElo "1929"]
[BlackElo "1675"]
[Annotator "Chessbase"]
[PlyCount "59"]
[EventDate "2024.08.28"]
[EventRounds "7"]
[EventCountry "BRA"]

1. e4 c6 2. Nf3 d5 3. Nc3 dxe4 4. Nxe4 Bf5 5. Ng3 Bg6 6. h4 h6 7. Ne5 Qd6 8. d4 Nd7 9. Nxg6 Qxg6 10. Bd3 Qd6 ({RR} 10... Qf6 11. Be3 e6 12. Qe2 Qd8 13. O-O-O Ngf6 14. f4 Qa5 15. Kb1 O-O-O 16. c4 c5 17. Ne4 cxd4 18. Bxd4 Nc5 19. Bc3 Qb6 20. Nxf6 Na4 21. Ne4 Ba3 22. Qc2 Rxd3 23. Rxd3 {1-0 Papp,G (2551)-Schwarhofer,C (2257) AUT-chT2O 1112 2011 (11.2)}) 11. c3 Ngf6 12. Qb3 ({RR} 12. Qf3 e5 13. Be3 exd4 14. Bxd4 Qe6+ 15. Kd2 O-O-O 16. Rhe1 Qd5 17. Ne4 c5 18. Bxf6 Nxf6 19. Nxf6 Qxf3 20. gxf3 gxf6 21. Kc2 Bd6 22. Rad1 Kc7 23. Be4 Be5 24. Rxd8 Rxd8 25. Rd1 Re8 26. Bf5 Re7 {1-0 Lopez Giraldo,M (1827)-Moreno Hernandez,A (1700) 17th American Cont Blitz 2024 (6.116)}) 12... Qc7 13. Bc4 $146 ({RR} 13. Be3 e6 14. O-O-O Bd6 15. Ne2 Ng4 16. Kb1 O-O-O 17. Rc1 Nxe3 18. fxe3 Kb8 19. e4 Be7 20. Rhf1 Rhf8 21. g3 Nc5 22. Qc2 Nxd3 23. Qxd3 Qd7 24. Qc4 Rc8 25. Qb3 c5 26. Rfd1 cxd4 27. cxd4 Rfd8 {½-½ Koitka,J (1723)-Lampkowska,P (1586) Karpacz op 2010 (2)}) ({RR} 13. Ne2 e6 14. Bf4 Qb6 15. Qxb6 Nxb6 16. O-O-O Nbd5 17. Bg3 O-O-O 18. a3 Bd6 19. Bxd6 {½-½ Jouhki,Y (2307)-Penttinen,J (2304) FIN-chT 0405 2004 (9.3)}) 13... Nd5 14. Bxd5 cxd5 15. Qxd5 e6 16. Qf3 Nf6 17. Bf4 Qb6 18. O-O-O Be7 19. Nh5 Nxh5 20. Qxh5 O-O 21. Rh3 Kh7 22. g4 Bd6 23. Bd2 Qc7 24. Rf3 f6 25. g5 fxg5 26. hxg5 Rxf3 27. Qxf3 Rf8 28. Qe4+ Kh8 29. gxh6 Bf4 30. hxg7+ 1-0